Ăn mòn và bảo vệ vật liệu
Trình bày khái niệm cơ bản về ăn mòn kim loại, cơ sở quá trình ăn mòn và bảo vệ kim loại; các nguyên tắc, phương pháp bảo vệ chống ăn mòn kim loại, các dạng ăn mòn có liên quan; ăn mòn trong môi trường khí quyển, đất, nước ngọt, nước bie...
Wedi'i Gadw mewn:
| Prif Awdur: | |
|---|---|
| Awduron Eraill: | |
| Fformat: | Llyfr |
| Iaith: | Undetermined |
| Cyhoeddwyd: |
H.
KH & KT
2008
|
| Pynciau: | |
| Mynediad Ar-lein: | http://lrc.tdmu.edu.vn/opac/search/detail.asp?aID=2&ID=7596 |
| Tagiau: |
Ychwanegu Tag
Dim Tagiau, Byddwch y cyntaf i dagio'r cofnod hwn!
|
| Thư viện lưu trữ: | Trung tâm Học liệu Trường Đại học Thủ Dầu Một |
|---|
| LEADER | 01119nam a2200217Ia 4500 | ||
|---|---|---|---|
| 001 | TDMU_7596 | ||
| 008 | 210410s9999 xx 000 0 und d | ||
| 082 | |a 620.1 | ||
| 090 | |b G103 | ||
| 100 | |a Galerie, Alain | ||
| 245 | 0 | |a Ăn mòn và bảo vệ vật liệu | |
| 245 | 0 | |c Alain Galerie, Nguyễn Văn Tư | |
| 260 | |a H. | ||
| 260 | |b KH & KT | ||
| 260 | |c 2008 | ||
| 300 | |a 285tr | ||
| 520 | |a Trình bày khái niệm cơ bản về ăn mòn kim loại, cơ sở quá trình ăn mòn và bảo vệ kim loại; các nguyên tắc, phương pháp bảo vệ chống ăn mòn kim loại, các dạng ăn mòn có liên quan; ăn mòn trong môi trường khí quyển, đất, nước ngọt, nước biển, ăn mòn khô, ăn mòn và bảo vệ vật liệu phi kim loại | ||
| 650 | |a Kim loại; Ăn mòn; Bảo vệ; Vật liệu | ||
| 700 | |a Nguyễn, Văn Tư | ||
| 856 | |u http://lrc.tdmu.edu.vn/opac/search/detail.asp?aID=2&ID=7596 | ||
| 980 | |a Trung tâm Học liệu Trường Đại học Thủ Dầu Một | ||